Arkansas Razorbacks in the NFL - Statistics

General Stats
  • This quiz has been taken 59 times
  • The average score is 9 of 25
Answer Stats
Team Position Answer % Correct
Patriots TE Hunter Henry
92%
Bengals QB Brandon Allen
71%
Lions C Frank Ragnow
65%
Seahawks RB Alex Collins
63%
49ers LB Dre Greenlaw
59%
Falcons QB Feleipe Franks
57%
Washington RB Jonathan Williams
49%
Washington S Kamren Curl
49%
Cowboys TE Jeremy Sprinkle
45%
Lions OT Dan Skipper
43%
Patriots DL Deatrich Wise Jr
41%
Lions DE Trey Flowers
41%
Broncos DT McTelvin Agim
31%
Lions RB Rakeem Boyd
29%
Raiders DT Darius Philon
27%
Lions CB Jerry Jacobs
22%
Chargers DL TJ Smith
22%
Packers LB De'Jon Harris
20%
Jets DT Jonathan Marshall
20%
Texans OG Hjalte Froholdt
14%
Bucs DL Jeremiah Ledbetter
14%
Titans WR Cody Hollister
12%
Packers EDGE Randy Ramsey
12%
Vikings DT Armon Watts
10%
Ravens DT Xavier Kelly
6%
No matching quizzes found
Score Distribution
Percent of People with Each Score
Percentile by Number Answered
Your Score History
You have not taken this quiz